| 000 | 01113nam a22002657a 4500 | ||
|---|---|---|---|
| 005 | 20170124102925.0 | ||
| 010 | _aA-811285 | ||
| 020 | _c00.00 | ||
| 035 | _aA-811285 | ||
| 037 | _bCen Lib/Ret | ||
| 040 |
_aDPL _bHN |
||
| 082 |
_a820.8 _bसीतारा |
||
| 100 |
_aसीतारामदीन _943304 |
||
| 245 |
_aसाहित्यालोचन : _cसीतारामदीन _bसीधंत और अध्धयन / |
||
| 246 |
_aSahityalochan : sidhdhant or adhdhyan / _bby Seetaramdeen |
||
| 260 |
_aपटना _bभारती भवन पब्लिशर्स _c1995 |
||
| 270 |
_aठाकुरबाड़ी रोड _bजयपुर _e800003 |
||
| 300 |
_a168पृ. _c19सेमी(सजिल्द ) |
||
| 500 | _aसंदर्भ सूची भी शामिल | ||
| 650 |
_aहिंदी साहित्य _x _z _9105905 |
||
| 650 |
_aहिंदी महाकाव्य _v _943306 |
||
| 650 |
_aHindi Literature _9105906 |
||
| 650 |
_aHindi Fiction _927248 |
||
| 942 |
_2ddc _cHN _h820.8 _mसीतारा |
||
| 999 |
_c111526 _d111526 |
||